[Event "Olimpiade 2024 - Donne"]
[Site "Budapest"]
[Date "18.09.2024"]
[Round "7.23"]
[Board "4"]
[White "Odinaeva, Saodat"]
[Black "Walter, Ema"]
[Result "0-1"]
[BlackTitle "WFM"]
[WhiteElo "1936"]
[BlackElo "2055"]
[WhiteTeam "Tajikistan"]
[BlackTeam "Slovakia"]
[WhiteFideId "14700255"]
[BlackFideId "14960710"]
[EventDate "2024.09.11"]

1. d4 Nf6 2. Nf3 e6 3. c4 d5 4. e3 Be7 5. Nc3 b6 6. cxd5 exd5 7. Be2 O-O 8. O-O
Bf5 9. Nh4 Be6 10. Nf3 Nbd7 11. b3 h6 12. Bb2 Re8 13. Rc1 c6 14. Bd3 Bg4 15. h3
Bh5 16. e4 Nf8 17. e5 N6h7 18. Be2 Rc8 19. Re1 Ne6 20. g3 Qd7 21. Kg2 Red8 22.
a3 c5 23. Bb5 Qb7 24. Ne2 Bxf3+ 25. Kxf3 cxd4 26. Rxc8 Rxc8 27. Bd3 Qd7 28. Kg2
Nhg5 29. h4 Nh7 30. Bf5 Nhf8 31. Nxd4 Bc5 32. b4 Bxd4 33. Bxd4 Nf4+ 34. gxf4
Qxf5 35. Qf3 Ng6 36. Kh1 Nxh4 37. Qg3 Ng6 38. Be3 Rc3 39. a4 d4 40. Rc1 Qe4+ 41.
Kh2 Rxc1 42. Bxc1 Qc2 43. Qg1 d3 44. Qe1 Qe2 45. Qd2 Nh4 46. Qe3 Nf3+ 47. Kg3
Qxe3 0-1

[Event "Olimpiade 2024 - Donne"]
[Site "Budapest"]
[Date "18.09.2024"]
[Round "7.24"]
[Board "1"]
[White "Dolgova, Olga"]
[Black "Sanudula, K M Dahamdi"]
[Result "0-1"]
[WhiteTitle "WIM"]
[BlackTitle "WCM"]
[WhiteElo "2171"]
[BlackElo "2023"]
[WhiteTeam "Norway"]
[BlackTeam "Sri Lanka"]
[WhiteFideId "4158296"]
[BlackFideId "9932470"]
[EventDate "2024.09.11"]

1. d4 Nf6 2. Bf4 d5 3. e3 e6 4. Nf3 c5 5. Nbd2 Nc6 6. c3 cxd4 7. exd4 Nh5 8. Be3
Bd6 9. g3 f6 10. Bg2 O-O 11. O-O g6 12. Nb3 Ng7 13. Re1 Ne7 14. Bh6 Nef5 15. Bd2
Re8 16. g4 Ne7 17. g5 f5 18. Nc1 Nc6 19. Nd3 Qc7 20. Nfe5 Nxe5 21. Nxe5 b5 22.
a4 Ba6 23. Bf1 Qb7 24. a5 Re7 25. Qf3 Rb8 26. b4 Bxe5 27. Rxe5 Qd7 28. Rae1 Bb7
29. Qg3 Rc8 30. Qe3 a6 31. Bd3 Kf7 32. h4 Rd8 33. Qh3 Rg8 34. Be2 Ne8 35. h5 Nd6
36. f3 Ke8 37. Bd3 Kd8 38. R5e2 Qe8 39. Qg3 Kd7 40. hxg6 Rxg6 41. Rg2 Reg7 42.
Kf2 h6 43. Bf4 Qe7 44. Be5 Rg8 45. Bf6 Qf7 46. Qh4 hxg5 47. Bxg5 Ne4+ 48. Bxe4
dxe4 49. Reg1 exf3 50. Rg3 e5 51. Bd2 Qc4 52. Qh7+ R8g7 53. Qxg7+ Rxg7 54. Rxg7+
Ke6 55. Re1 Qd3 56. Rxe5+ Kf6 57. Rxb7 Qxd2+ 58. Kxf3 Qxc3+ 59. Ke2 Qxd4 60.
Ree7 Qxb4 61. Rf7+ Kg5 62. Rg7+ Kf4 63. Ra7 Qxa5 64. Rg6 Qa2+ 65. Kd1 Qd5+ 66.
Ke1 Qe4+ 67. Kf1 Qf3+ 68. Ke1 Qe3+ 0-1

[Event "Olimpiade 2024 - Donne"]
[Site "Budapest"]
[Date "18.09.2024"]
[Round "7.24"]
[Board "2"]
[White "Tharushi, T H D Niklesha"]
[Black "Koskela, Niina"]
[Result "0-1"]
[WhiteTitle "WCM"]
[BlackTitle "WGM"]
[WhiteElo "1852"]
[BlackElo "2173"]
[WhiteTeam "Sri Lanka"]
[BlackTeam "Norway"]
[WhiteFideId "9918264"]
[BlackFideId "500755"]
[EventDate "2024.09.11"]

1. d4 Nf6 2. c4 e6 3. Nc3 Bb4 4. e3 d5 5. a3 Be7 6. Nf3 O-O 7. Bd3 Nbd7 8. c5 c6
9. b4 b6 10. O-O a5 11. Bb2 Ba6 12. Bxa6 Rxa6 13. b5 cxb5 14. c6 Nb8 15. Ne5 b4
16. Nb5 Ne8 17. Rc1 bxa3 18. Ba1 Nc7 19. Qd3 Nxb5 20. Qxb5 Ra7 21. Rb1 f6 22.
Nd3 Bd6 23. Qxb6 Qxb6 24. Rxb6 Rc7 25. Bc3 Rxc6 26. Bxa5 Rxb6 27. Bxb6 Nd7 28.
Bc5 Bxc5 29. dxc5 Rb8 30. c6 Ne5 31. Nxe5 fxe5 32. g3 a2 33. c7 Rc8 34. Ra1 Rxc7
35. Rxa2 Kf7 36. Kg2 Kf6 37. Kf3 h5 38. h4 e4+ 39. Kg2 Kf5 40. Ra8 Rd7 41. Rh8
Kg6 42. Re8 Kf6 43. Rf8+ Ke5 44. Rg8 Rf7 45. Rd8 Kf6 46. Ra8 g6 47. Ra6 Rd7 48.
Ra4 e5 49. Ra6+ Kf5 50. Ra8 d4 51. exd4 exd4 52. Ra5+ Ke6 53. Kf1 Rd5 54. Ra8
Rc5 55. Re8+ Kd5 56. Rd8+ Kc4 57. Ke2 Kc3 58. Rd6 Ra5 59. Rc6+ Kb4 60. Re6 Ra2+
61. Kf1 Kc3 62. Rxe4 d3 63. f3 Ra1+ 64. Kf2 d2 65. Re3+ Kc4 66. Re4+ Kc5 67.
Re5+ Kc6 68. Re6+ Kd7 0-1

[Event "Olimpiade 2024 - Donne"]
[Site "Budapest"]
[Date "18.09.2024"]
[Round "7.24"]
[Board "3"]
[White "Stanford, Sheila Barth"]
[Black "Pallie, Ehsha Mishela"]
[Result "1-0"]
[WhiteTitle "WIM"]
[BlackTitle "WCM"]
[WhiteElo "2175"]
[BlackElo "1767"]
[WhiteTeam "Norway"]
[BlackTeam "Sri Lanka"]
[WhiteFideId "1500953"]
[BlackFideId "9934057"]
[EventDate "2024.09.11"]

1. d4 Nf6 2. c4 e6 3. g3 d5 4. Bg2 Be7 5. Nf3 dxc4 6. O-O c5 7. dxc5 Qxd1 8.
Rxd1 Bxc5 9. Ne5 O-O 10. Nc3 h6 11. a3 Nfd7 12. Nxc4 Nc6 13. b4 Be7 14. Ra2 Nde5
15. Nxe5 Nxe5 16. f4 Nc4 17. Rc2 Nb6 18. Be3 Nc4 19. Bc1 Nb6 20. e4 a5 21. b5
Nc4 22. Bf1 Bc5+ 23. Kh1 Ne3 24. Bxe3 Bxe3 25. Rd3 Ba7 26. e5 f6 27. Bg2 Bb8 28.
Na4 Ba7 29. Rcd2 fxe5 30. b6 Bb8 31. Rd8 exf4 32. Rxf8+ Kxf8 33. Rd8+ Ke7 34.
Rxc8 fxg3 35. Bxb7 gxh2 36. Bxa8 Bf4 37. b7 g5 38. b8=Q Bxb8 39. Rxb8 Kf6 40.
Kxh2 Kf5 41. Kg3 h5 42. Rf8+ Ke5 43. Bf3 g4 44. Bd1 Kd4 45. Ra8 e5 46. Rxa5 e4
47. Rxh5 e3 48. Nc3 Kxc3 49. Bxg4 Kd2 50. a4 e2 51. Bxe2 Kxe2 52. a5 Kd3 53. a6
Ke4 54. a7 Kd4 55. a8=Q Kc4 56. Qa4+ Kc3 57. Rf5 Kd2 58. Rf3 Ke2 59. Qa2+ Ke1
60. Rb3 Kd1 61. Rb1# 1-0

[Event "Olimpiade 2024 - Donne"]
[Site "Budapest"]
[Date "18.09.2024"]
[Round "7.24"]
[Board "4"]
[White "Gunawardhana, Devindya Oshini"]
[Black "Machlik, Monika"]
[Result "1-0"]
[WhiteTitle "WFM"]
[WhiteElo "1956"]
[BlackElo "2109"]
[WhiteTeam "Sri Lanka"]
[BlackTeam "Norway"]
[WhiteFideId "29941482"]
[BlackFideId "1513621"]
[EventDate "2024.09.11"]

1. e4 c6 2. Nc3 d5 3. Nf3 dxe4 4. Nxe4 Nf6 5. Qe2 Nxe4 6. Qxe4 Nd7 7. d4 Nf6 8.
Qf4 Nd5 9. Qd2 Bf5 10. Bd3 Bxd3 11. Qxd3 e6 12. O-O Be7 13. c4 Nf6 14. Bf4 O-O
15. Rad1 Qa5 16. a3 b5 17. Ne5 Rac8 18. Rc1 Qa6 19. Bg5 Qb7 20. Qb3 Rfd8 21.
Rfd1 h6 22. Bf4 Qb6 23. Be3 Qb7 24. Rd3 Ne4 25. f3 Nd6 26. Rdc3 Bf6 27. Ng4 Be7
28. Ne5 Bf6 29. Ng4 Nf5 30. Nxf6+ gxf6 31. Bf2 Qd7 32. cxb5 cxb5 33. Rxc8 Rxc8
34. Rxc8+ Qxc8 35. g4 Nd6 36. Qb4 Qc6 37. Qc5 Qd7 38. b3 f5 39. Bg3 Ne8 40. gxf5
exf5 41. d5 Nf6 42. d6 Ne8 43. Kf2 f6 44. Bf4 h5 45. Qd5+ Kh7 46. Qc5 Kg6 47. h3
Kf7 48. Kg3 Ke6 49. Kh4 Kf7 50. Kxh5 Ng7+ 51. Kh4 Ne8 52. Kg3 Kg6 53. Kf2 Kg7
54. h4 Kg6 55. Qe3 Nxd6 56. Qd2 Qe6 57. Qxd6 Qxb3 58. Qe7 Qa2+ 59. Kg3 Qg8 60.
Qxa7 Kh5+ 61. Kh3 Kg6 62. Qg1+ Kh5 63. Qxg8 b4 64. Qh7# 1-0

[Event "Olimpiade 2024 - Donne"]
[Site "Budapest"]
[Date "18.09.2024"]
[Round "7.25"]
[Board "1"]
[White "Efroimski, Marsel"]
[Black "Rouda Essa, Alserkal"]
[Result "1-0"]
[WhiteTitle "IM"]
[BlackTitle "WCM"]
[WhiteElo "2408"]
[BlackElo "2036"]
[WhiteTeam "Israel"]
[BlackTeam "United Arab Emirates"]
[WhiteFideId "2810964"]
[BlackFideId "9314318"]
[EventDate "2024.09.11"]

1. Nf3 c5 2. e4 Nc6 3. Nc3 e5 4. Bc4 d6 5. d3 h6 6. Nd2 g6 7. Nf1 Bg7 8. Be3 Nf6
9. h3 Rb8 10. Qd2 Nd4 11. a4 b6 12. Ng3 O-O 13. Nb5 Nxb5 14. axb5 Kh7 15. Rxa7
d5 16. exd5 Nxd5 17. h4 Nxe3 18. Qxe3 Bd7 19. h5 g5 20. Qe4+ Kh8 21. Qd5 Be6 22.
Qxd8 Rfxd8 23. Bxe6 fxe6 24. Ne4 Ra8 25. Rxa8 Rxa8 26. Kd2 Kg8 27. b3 Ra5 28. c4
Ra2+ 29. Kc3 Kf7 30. Rc1 Bf8 31. Rc2 Ra8 32. Re2 Ra7 33. Kb2 Rd7 34. Kc2 Ra7 35.
Nc3 Bd6 36. Na4 Rb7 37. Kd2 Kf6 38. f3 Kf7 39. Ke3 Bc7 40. Ra2 Bb8 41. Nc3 Ke7
42. Ra6 Ba7 43. Ke4 Kf6 44. Na4 g4 45. fxg4 Kg5 46. Kxe5 Kxg4 47. Kd6 Kxh5 48.
Kc6 Rg7 49. Nxb6 Bxb6 50. Kxb6 Rxg2 51. Kxc5 Rg8 52. Rxe6 Rc8+ 53. Kb4 1-0

[Event "Olimpiade 2024 - Donne"]
[Site "Budapest"]
[Date "18.09.2024"]
[Round "7.25"]
[Board "2"]
[White "Al Maamari, Wafia Darwish"]
[Black "Klinova, Masha"]
[Result "1/2-1/2"]
[WhiteTitle "WFM"]
[BlackTitle "IM"]
[WhiteElo "1908"]
[BlackElo "2227"]
[WhiteTeam "United Arab Emirates"]
[BlackTeam "Israel"]
[WhiteFideId "9305734"]
[BlackFideId "2802015"]
[EventDate "2024.09.11"]

1. Nf3 g6 2. e4 Bg7 3. d4 d6 4. Nc3 Nf6 5. Be2 O-O 6. O-O Nc6 7. h3 e5 8. dxe5
Nxe5 9. Nxe5 dxe5 10. Qd4 Qd7 11. Qxd7 Re8 12. Qd8 Rxd8 13. Bg5 c6 14. Rad1 Be6
15. a4 b6 16. b3 h6 17. Be3 Bf8 18. f3 Kg7 19. Rxd8 Rxd8 20. Rd1 Rxd1+ 21. Bxd1
Nd7 22. a5 h5 23. axb6 axb6 24. Kf2 Bc5 25. Bxc5 Nxc5 26. h4 f6 27. Be2 Kf7 28.
Ke3 Ke7 29. g4 b5 30. gxh5 gxh5 31. f4 exf4+ 32. Kxf4 Bf7 33. Kf5 Ne6 34. Bd3
Nd4+ 35. Kf4 Ne6+ 36. Kf5 Nd4+ 37. Kf4 1/2-1/2

[Event "Olimpiade 2024 - Donne"]
[Site "Budapest"]
[Date "18.09.2024"]
[Round "7.25"]
[Board "3"]
[White "Levitan, Ronit"]
[Black "Anoud Eisa Bashkardi"]
[Result "1-0"]
[WhiteTitle "WFM"]
[WhiteElo "2137"]
[BlackElo "1811"]
[WhiteTeam "Israel"]
[BlackTeam "United Arab Emirates"]
[WhiteFideId "2815109"]
[BlackFideId "9323996"]
[EventDate "2024.09.11"]

1. e4 e5 2. Nf3 Nc6 3. Bb5 Nf6 4. O-O Nxe4 5. Re1 Nd6 6. Nxe5 Nxe5 7. Rxe5+ Be7
8. Bf1 O-O 9. d4 Bf6 10. Re1 Re8 11. Bf4 Rxe1 12. Qxe1 Ne8 13. Nc3 Bxd4 14. Nd5
c6 15. Ne7+ Kf8 16. Nxc8 Rxc8 17. Qb4+ c5 18. Qxb7 d5 19. Ba6 Ra8 20. Rd1 f6 21.
c3 Be5 22. Bxe5 fxe5 23. Rxd5 Qb8 24. Qc6 Nc7 25. Rd7 Nxa6 26. Qf3+ 1-0

[Event "Olimpiade 2024 - Donne"]
[Site "Budapest"]
[Date "18.09.2024"]
[Round "7.25"]
[Board "4"]
[White "Almaamari, Zainab Darwish"]
[Black "Kochavi, Dana"]
[Result "0-1"]
[WhiteTitle "WCM"]
[BlackTitle "WFM"]
[WhiteElo "1661"]
[BlackElo "2009"]
[WhiteTeam "United Arab Emirates"]
[BlackTeam "Israel"]
[WhiteFideId "9309381"]
[BlackFideId "2837137"]
[EventDate "2024.09.11"]

1. e4 c5 2. Nf3 Nc6 3. d4 cxd4 4. Nxd4 Nf6 5. Nc3 e5 6. Ndb5 d6 7. Nd5 Nxd5 8.
exd5 Nb8 9. c4 Nd7 10. Be2 Be7 11. O-O a6 12. Nc3 O-O 13. b4 f5 14. c5 Bf6 15.
c6 Nb8 16. Ba3 Kh8 17. Qa4 bxc6 18. dxc6 Be6 19. Nb5 Nxc6 20. Nxd6 Qxd6 21. b5
Qd4 22. Qc2 Nb4 23. Bxb4 Qxb4 24. Rab1 Qe7 25. b6 Qb7 26. Qc7 Bd5 27. Rfc1 Rf7
28. Qxb7 Rxb7 29. Rc7 Rab8 30. Rc5 Bg8 31. Rc6 Bxa2 32. Bxa6 Bxb1 33. Bxb7 Bd8
34. Rc8 Rxc8 35. Bxc8 Bxb6 36. g3 g6 37. Kg2 Kg7 38. f3 Bd3 39. Bb7 e4 40. f4 e3
41. Bc8 e2 0-1

[Event "Olimpiade 2024 - Donne"]
[Site "Budapest"]
[Date "18.09.2024"]
[Round "7.26"]
[Board "1"]
[White "Cramling, Pia"]
[Black "Perez Rodriguez, Jennifer"]
[Result "1-0"]
[WhiteTitle "GM"]
[BlackTitle "WGM"]
[WhiteElo "2425"]
[BlackElo "2224"]
[WhiteTeam "Sweden"]
[BlackTeam "Paraguay"]
[WhiteFideId "1700030"]
[BlackFideId "3507831"]
[EventDate "2024.09.11"]

1. d4 d5 2. c4 e6 3. Nf3 Nf6 4. Nc3 dxc4 5. e3 a6 6. Bxc4 b6 7. O-O Bb7 8. Qe2
Nbd7 9. e4 b5 10. Bd3 c5 11. d5 c4 12. Bc2 e5 13. a4 b4 14. Nd1 Qc7 15. Ne3 Rc8
16. Nd2 c3 17. bxc3 bxc3 18. Ndc4 a5 19. Na3 Bb4 20. Nb5 Qb6 21. Nc4 Qa6 22. Ba3
O-O 23. Rfb1 Nb6 24. Bxb4 axb4 25. Ncd6 Rc5 26. Rxb4 Ba8 27. Nf5 g6 28. Ne3 Qa5
29. Rab1 Nbd7 30. Nc4 Qd8 31. Nxc3 Nh5 32. g3 Qg5 33. h4 Qe7 34. Nd1 Ng7 35.
Nde3 f5 36. Nb6 f4 37. Nf1 f3 38. Qd2 Nh5 39. d6 Qd8 40. Bb3+ Kg7 41. Nxa8 Qxa8
42. Be6 Nhf6 43. Rb7 Qxa4 44. Bxd7 Nxd7 45. R1b4 Qc6 46. Rc7 1-0

[Event "Olimpiade 2024 - Donne"]
[Site "Budapest"]
[Date "18.09.2024"]
[Round "7.26"]
[Board "2"]
[White "Vargas, Gabriela"]
[Black "Agrest, Inna"]
[Result "0-1"]
[WhiteTitle "WIM"]
[BlackTitle "WIM"]
[WhiteElo "2109"]
[BlackElo "2197"]
[WhiteTeam "Paraguay"]
[BlackTeam "Sweden"]
[WhiteFideId "3700860"]
[BlackFideId "1708830"]
[EventDate "2024.09.11"]

1. d4 Nf6 2. Nf3 g6 3. e3 Bg7 4. Be2 O-O 5. O-O d6 6. c4 c6 7. Nc3 Re8 8. b4 e5
9. a4 e4 10. Nd2 h5 11. Ba3 Bf5 12. b5 h4 13. h3 Nh7 14. Bg4 c5 15. Nb3 Nd7 16.
Nd5 Nb6 17. Bxf5 gxf5 18. dxc5 Nxc4 19. Ra2 Nxa3 20. Rxa3 dxc5 21. a5 c4 22. Na1
Qd6 23. Nc2 Rad8 24. Nc3 Qc5 25. Qc1 Rd3 26. Ne2 Qxb5 27. Ncd4 Qd7 28. Rc3 Rxc3
29. Qxc3 Rc8 30. Rb1 Nf6 31. Qb4 Rc7 32. Qb5 c3 33. Qxd7 Nxd7 34. Nxf5 c2 35.
Rf1 Bb2 36. Nc1 Nc5 37. Nd4 Bxd4 38. exd4 Nd3 39. f3 Nxc1 40. Rxc1 e3 41. Kf1 b5
42. axb6 axb6 43. d5 Kf8 44. f4 Ke7 45. g3 hxg3 46. h4 b5 47. h5 b4 48. h6 b3
49. h7 Rc8 0-1

[Event "Olimpiade 2024 - Donne"]
[Site "Budapest"]
[Date "18.09.2024"]
[Round "7.26"]
[Board "3"]
[White "Cramling Bellon, Anna"]
[Black "Oviedo Acosta, Paula"]
[Result "0-1"]
[WhiteTitle "WFM"]
[BlackTitle "WCM"]
[WhiteElo "2066"]
[BlackElo "1790"]
[WhiteTeam "Sweden"]
[BlackTeam "Paraguay"]
[WhiteFideId "32009232"]
[BlackFideId "3704394"]
[EventDate "2024.09.11"]

1. d4 Nf6 2. c4 e6 3. Nc3 Bb4 4. e3 d6 5. Nf3 O-O 6. Qc2 Re8 7. Bd2 Nbd7 8. a3
Bxc3 9. Bxc3 b6 10. b4 Bb7 11. Be2 Ne4 12. Bb2 c5 13. O-O Rc8 14. Rfd1 f5 15.
dxc5 bxc5 16. Nd2 Ndf6 17. f3 Ng5 18. Nb3 Qc7 19. Qd2 Nf7 20. bxc5 dxc5 21. a4
Ba8 22. Ba3 Red8 23. Qa5 Qe5 24. Bxc5 Qb2 25. Rxd8+ Nxd8 26. Bd1 Nb7 27. Qa6
Rxc5 28. Qxe6+ Kh8 29. Nxc5 Qxa1 30. Qc8+ Ng8 31. Nxb7 Qxd1+ 32. Kf2 Qd2+ 33.
Kf1 Qc1+ 34. Kf2 Qb2+ 35. Kg3 Bxb7 36. Qxf5 Qb4 37. Qd7 Qe1+ 38. Kh3 Ba6 39.
Qxa7 Bc8+ 40. g4 Qf1+ 41. Kg3 Qg1+ 42. Kh3 h5 43. Qd4 hxg4+ 44. fxg4 Bb7 45. Qf4
Nf6 46. g5 Bc8+ 47. Kh4 Qg4+ 48. Qxg4 Nxg4 49. Kg3 Nxe3 50. c5 Bb7 51. Kf4 Nc4
52. g6 Bc6 53. h4 Bxa4 54. h5 Bd1 55. Kg5 Ne5 56. h6 Nf3+ 57. Kh5 Nd4+ 58. Kg5
Ne6+ 59. Kf5 gxh6 60. Kxe6 Kg7 61. Kf5 Ba4 62. Kg4 Kxg6 63. Kh4 Bd7 64. Kg3 Kg5
65. Kh2 Kg4 66. Kg2 h5 67. Kh2 h4 68. Kg2 Bc6+ 69. Kh2 h3 0-1

[Event "Olimpiade 2024 - Donne"]
[Site "Budapest"]
[Date "18.09.2024"]
[Round "7.26"]
[Board "4"]
[White "Mayeregger Gonzalez, Fiorella Allegra"]
[Black "Valcu, Lavinia"]
[Result "0-1"]
[WhiteElo "1796"]
[BlackElo "2076"]
[WhiteTeam "Paraguay"]
[BlackTeam "Sweden"]
[WhiteFideId "3708845"]
[BlackFideId "1752197"]
[EventDate "2024.09.11"]

1. e4 e5 2. Nc3 Nf6 3. g3 d5 4. exd5 Nxd5 5. Bg2 Nxc3 6. bxc3 Nc6 7. Nf3 Bd6 8.
O-O O-O 9. d3 f6 10. h3 Be6 11. Re1 Qd7 12. Kh2 Rad8 13. d4 Bd5 14. Be3 exd4 15.
Nxd4 Bxg2 16. Kxg2 Nxd4 17. cxd4 Bb4 18. Re2 Bc3 19. Rb1 Qd5+ 20. Kh2 c5 21. Rb5
a6 22. Rb3 cxd4 23. Bd2 Bxd2 24. Rxd2 Rd7 25. Rbd3 Qxa2 26. Rxd4 Rxd4 27. Rxd4
Qe6 28. Rd6 Qe4 29. Rd4 Qc6 30. Rd6 Qc5 31. Qd2 Rc8 32. Rd7 b5 33. Rd5 Qc4 34.
Rd4 Qc5 35. Rd5 Qf8 36. Rd7 b4 37. Rd4 a5 38. Kg2 Rb8 39. Rd7 a4 40. Qd5+ Kh8
41. Qa5 b3 42. cxb3 axb3 43. Qe1 b2 44. Rd1 Qe8 45. Qxe8+ Rxe8 46. Rb1 Rb8 47.
Kf3 Kg8 48. Ke4 Kf7 49. Kd3 Ke6 50. Kc3 Kf5 51. f3 h5 52. h4 g5 53. hxg5 fxg5
54. Kd2 h4 55. g4+ Kf4 56. Ke2 Rb3 57. Kf2 Rxf3+ 58. Kg2 Rb3 59. Kh2 Kxg4 60.
Kg2 Kf4 61. Rf1+ Ke4 62. Re1+ Kd3 63. Kf2 b1=Q 64. Re3+ Kd4 65. Re8 Rb2+ 66. Re2
Qf5+ 67. Ke1 Rb1+ 68. Kd2 Qd3# 0-1

[Event "Olimpiade 2024 - Donne"]
[Site "Budapest"]
[Date "18.09.2024"]
[Round "7.27"]
[Board "1"]
[White "Pipiras, Filipa Fortuna"]
[Black "Rivera, Ingris"]
[Result "1/2-1/2"]
[WhiteTitle "FM"]
[BlackTitle "WIM"]
[WhiteElo "2187"]
[BlackElo "2171"]
[WhiteTeam "Portugal"]
[BlackTeam "Colombia"]
[WhiteFideId "1944894"]
[BlackFideId "4402472"]
[EventDate "2024.09.11"]

1. d4 Nf6 2. c4 g6 3. Nc3 Bg7 4. e4 d6 5. Be2 O-O 6. Be3 Na6 7. h4 h5 8. Nf3 Ng4
9. Bg5 c5 10. d5 Re8 11. Qd2 Nc7 12. Nh2 Nxh2 13. Rxh2 Bd7 14. f3 Qc8 15. O-O-O
b5 16. g4 hxg4 17. fxg4 b4 18. Nb1 Bxg4 19. h5 Bxe2 20. Qxe2 e6 21. hxg6 fxg6
22. Qg4 Qd7 23. Bh6 Qf7 24. Rg1 Be5 25. Rhg2 exd5 26. Qh5 Qh7 27. Rg3 g5 28.
Rxg5+ Kh8 29. Rg7 Bf4+ 30. Kd1 Qxh6 31. Qxh6+ Bxh6 32. Rxc7 dxe4 33. Rg6 Bf8 34.
Rg4 Re7 35. Rxe7 Bxe7 36. Rxe4 Bf6 37. Kc2 a5 38. Nd2 Kg7 39. Nf3 a4 40. Re6 Rd8
41. Nd2 Kf7 42. Re2 Rh8 43. Ne4 Be7 44. Kd3 Rh1 45. Kc2 Ra1 46. Rf2+ Ke6 47. Re2
Kd7 48. Rd2 Kc6 49. Rd1 b3+ 50. axb3 axb3+ 51. Kd2 Rxd1+ 52. Kxd1 d5 53. cxd5+
Kxd5 54. Nxc5 Kxc5 55. Kc1 Kc4 56. Kb1 Kd3 57. Kc1 Bg5+ 58. Kb1 Bf6 59. Kc1 Bg5+
60. Kb1 Bd2 61. Ka1 Ke2 62. Kb1 Kd1 63. Ka1 Bc3 64. Kb1 Kd2 65. bxc3 Kxc3 66.
Kc1 Kc4 67. Kb2 Kb4 68. Kb1 Ka4 69. Kb2 1/2-1/2

[Event "Olimpiade 2024 - Donne"]
[Site "Budapest"]
[Date "18.09.2024"]
[Round "7.27"]
[Board "2"]
[White "Chirivi C, Jenny Astrid"]
[Black "Silva, Mariana"]
[Result "1/2-1/2"]
[WhiteTitle "WIM"]
[BlackTitle "WCM"]
[WhiteElo "2120"]
[BlackElo "2005"]
[WhiteTeam "Colombia"]
[BlackTeam "Portugal"]
[WhiteFideId "4403061"]
[BlackFideId "1911899"]
[EventDate "2024.09.11"]

1. d4 d5 2. c4 e6 3. Nc3 a6 4. Nf3 dxc4 5. a4 Nc6 6. e4 Na5 7. Be3 Bb4 8. Ne5
Nf6 9. Qf3 Nb3 10. Rd1 b5 11. d5 Qd6 12. Bf4 Qc5 13. Be3 Qd6 14. Bf4 Qc5 15. Be3
Qd6 16. Bf4 1/2-1/2

[Event "Olimpiade 2024 - Donne"]
[Site "Budapest"]
[Date "18.09.2024"]
[Round "7.27"]
[Board "3"]
[White "Silva, Ana Ines Teixeira Da"]
[Black "Mogollon Tobar, Nicolle Julieth"]
[Result "0-1"]
[WhiteTitle "WFM"]
[BlackTitle "WFM"]
[WhiteElo "1925"]
[BlackElo "2045"]
[WhiteTeam "Portugal"]
[BlackTeam "Colombia"]
[WhiteFideId "1932543"]
[BlackFideId "4452194"]
[EventDate "2024.09.11"]

1. e4 c6 2. d4 d5 3. exd5 cxd5 4. c4 Nf6 5. Nc3 Nc6 6. Nf3 Bg4 7. cxd5 Nxd5 8.
Qb3 Bxf3 9. gxf3 e6 10. Qxb7 Nxd4 11. Bb5+ Nxb5 12. Qc6+ Ke7 13. Qc5+ Nd6 14.
Nxd5+ exd5 15. O-O h6 16. Qxd5 Kf6 17. Bf4 Kg6 18. Rad1 Kh7 19. Bxd6 Bxd6 20.
Qd3+ g6 21. Qxd6 Qg5+ 22. Qg3 Qf6 23. Rd7 Rhd8 24. Rfd1 Rxd7 25. Rxd7 Kg7 26.
Qc7 Qxf3 27. Qc3+ Qxc3 28. bxc3 Rc8 29. Rxa7 Rxc3 30. a4 Ra3 31. Kg2 g5 32. Ra8
g4 33. Ra5 Kg6 34. Ra6+ f6 35. Ra8 h5 36. Ra5 h4 37. Ra8 h3+ 38. Kf1 Kg5 39. Ke2
Kf4 40. a5 Ra2+ 41. Ke1 f5 42. Rd8 Kf3 43. Rd3+ Kg2 44. Rd5 Kxh2 45. Rxf5 Kg2
46. Rf4 h2 47. Rxg4+ Kh3 0-1

[Event "Olimpiade 2024 - Donne"]
[Site "Budapest"]
[Date "18.09.2024"]
[Round "7.27"]
[Board "4"]
[White "Lopez Rayo, Isabella"]
[Black "Duque, Raquel Dos Santos"]
[Result "1-0"]
[WhiteTitle "WCM"]
[WhiteElo "1952"]
[BlackElo "1913"]
[WhiteTeam "Colombia"]
[BlackTeam "Portugal"]
[WhiteFideId "4452755"]
[BlackFideId "1945890"]
[EventDate "2024.09.11"]

1. e4 c6 2. Nc3 d5 3. Nf3 Bg4 4. h3 Bxf3 5. Qxf3 e6 6. Be2 Nd7 7. O-O g6 8. Re1
Ne7 9. d4 Bg7 10. exd5 exd5 11. Bg5 O-O 12. Bd3 Re8 13. Ne2 h6 14. Bd2 Nf6 15.
Bxh6 Bxh6 16. Qxf6 Qb6 17. Rab1 Rad8 18. c3 Nc8 19. Ng3 Bg7 20. Qg5 Nd6 21. h4
Rxe1+ 22. Rxe1 Re8 23. Rxe8+ Nxe8 24. h5 Qxb2 25. hxg6 f6 26. Qe3 Kf8 27. Qe6
Qc1+ 28. Bf1 1-0

[Event "Olimpiade 2024 - Donne"]
[Site "Budapest"]
[Date "18.09.2024"]
[Round "7.28"]
[Board "1"]
[White "Timergazi, Layla"]
[Black "Goossens, Hanne"]
[Result "0-1"]
[WhiteTitle "WIM"]
[BlackTitle "WIM"]
[WhiteElo "1979"]
[BlackElo "2189"]
[WhiteTeam "New Zealand"]
[BlackTeam "Belgium"]
[WhiteFideId "4303733"]
[BlackFideId "200468"]
[EventDate "2024.09.11"]

1. d4 d5 2. c4 c6 3. Nc3 Nf6 4. Nf3 dxc4 5. a4 Bf5 6. e3 e6 7. Bxc4 Bb4 8. Qb3
a5 9. O-O Nbd7 10. Na2 Bd6 11. Qxb7 Rb8 12. Qa6 O-O 13. Bd3 Ne4 14. Qc4 c5 15.
Qc2 Ndf6 16. Nc3 Nxc3 17. bxc3 Bxd3 18. Qxd3 cxd4 19. cxd4 Nd5 20. e4 Nb4 21.
Qe2 Qd7 22. Bg5 Rfc8 23. e5 Bf8 24. Rfd1 h6 25. Be3 Nc2 26. Ra2 Nb4 27. Raa1 Nd5
28. Bd2 Bb4 29. Qd3 Bxd2 30. Qxd2 Rb4 31. g4 Rc3 32. Ne1 Rxa4 33. Ng2 Rcc4 34.
Rxa4 Qxa4 35. Ne3 Nxe3 36. fxe3 Rc2 37. Qe1 Qa2 38. Qg3 Qd5 39. Ra1 Qe4 40. h3
a4 41. g5 h5 42. g6 fxg6 0-1

[Event "Olimpiade 2024 - Donne"]
[Site "Budapest"]
[Date "18.09.2024"]
[Round "7.28"]
[Board "2"]
[White "Vanduyfhuys, Daria"]
[Black "Zhang, Jasmine Haomo"]
[Result "0-1"]
[WhiteTitle "WFM"]
[BlackTitle "WIM"]
[WhiteElo "2112"]
[BlackElo "1956"]
[WhiteTeam "Belgium"]
[BlackTeam "New Zealand"]
[WhiteFideId "246336"]
[BlackFideId "4304632"]
[EventDate "2024.09.11"]

1. d4 d5 2. c4 e6 3. Nf3 Nf6 4. Nc3 Be7 5. Bg5 h6 6. Bh4 O-O 7. e3 Nbd7 8. Qc2
c5 9. cxd5 Nxd5 10. Bxe7 Nxe7 11. Be2 Nc6 12. Rd1 Qe7 13. O-O cxd4 14. Nxd4 Nxd4
15. Rxd4 Nf6 16. Rfd1 b6 17. Qa4 a6 18. Qc6 Rb8 19. Qd6 Qxd6 20. Rxd6 b5 21. Bf3
Ne8 22. Rd8 Nc7 23. Kf1 f5 24. Bc6 Kf7 25. f4 Rxd8 26. Rxd8 Rb6 27. Bf3 Rb8 28.
Ne2 Ke7 29. Rg8 Ne8 30. Nd4 Kf7 31. Rh8 Bd7 32. Ke1 a5 33. Kd2 Rc8 34. Be2 b4
35. Nf3 Rd8 36. Ne5+ Ke7 37. Kc2 Ba4+ 38. b3 Rc8+ 39. Kd2 Rd8+ 40. Ke1 Bd7 41.
Rg8 Rb8 42. Nxd7 Kxd7 43. Bh5 g5 44. fxg5 hxg5 45. Bxe8+ Rxe8 46. Rxg5 Rh8 47.
h3 Kd6 48. Rg7 Rc8 49. Kd2 Ke5 50. h4 Rh8 51. g3 Ke4 52. Ke2 Rc8 53. Rd7 e5 54.
Kd2 Rg8 55. Ra7 Rxg3 56. Rxa5 Rg2+ 57. Kd1 Rh2 58. Rc5 Rxa2 59. Rc2 Ra3 60. h5
Kxe3 61. h6 Ra1+ 62. Rc1 Ra2 63. Rc2 Ra1+ 64. Rc1 Ra6 65. Rc5 e4 66. Rxf5 Rxh6
67. Rb5 Kd3 68. Rd5+ Kc3 69. Re5 Rh4 70. Ke2 Kxb3 71. Ke3 Kb2 72. Rb5 b3 73. Kd2
Rh2+ 74. Ke3 Rh4 75. Kd2 Rh3 76. Rb8 Rd3+ 77. Ke2 Kc2 0-1